| 000 | 01943nam a2200253 i 4500 | ||
|---|---|---|---|
| 003 | MX-MxUPN | ||
| 005 | 20260107100610.0 | ||
| 008 | 251024t2016 mx||||||r|||| 000 0 spa d | ||
| 020 | _a9786077424758 | ||
| 040 |
_aMX-MxUPN _bspa _cMX-MxUPN |
||
| 041 | 0 | _aspa | |
| 050 | 1 | 4 |
_aHQ503 _bF36 2016 |
| 245 | 0 | 3 |
_aLa familia como institución : _bcambios y permanencias |
| 250 | _aPrimera edición. | ||
| 260 |
_aTonalá, Jalisco : _bUniversidad de Guadalajara, Centro Universitario de Tonalá, _c©2016 |
||
| 300 | _a286 páginas | ||
| 505 | 0 | 0 |
_tLa familia: trayecto de una investigación psicoanalítica de la Fundación Psicoanalítica Madrid/1987 / _rXóchitl Romo -- _tViolencias de Estado: exilio y desaparición forzada / _rHelí Morales -- _tMutantes. El psicoanálisis interpelado por las formas de subjetivación contemporáneas / _rAna Hounie -- _tLa familia como institución y universal. Análisis de los cambios modernos / _rGerardo Romo Morales -- _tTransmisión familiar, migración y exilio. Su vínculo con la formación e innovación. Análisis de un caso / _rRosa Martha Romo Beltrán -- _tLas familias, la sociedad y el sujeto / _rElvia Taracena -- _tMujeres que han decidido no tener hijos / _rFrancisco Javier Cortazar Rodríguez -- _tLa influencia de la capacitación empresarial para la profesionalización en la empresa familiar: el caso de los artesanos de Tonalá, Jalisco / _rAimée Pérez Esparza -- _tContribución de las acciones colectivas identitarias a las nuevas configuraciones de familia en América Latina / _rMary Luz Alzate Zuluaga -- _tDerechos humanos, familia y democracia. Apuntes para políticas públicas / _rCarlos E. Quintero. |
| 650 | 4 |
_aFamilias _xAspectos sociales _912049 |
|
| 650 | 4 |
_aFamilias _xAspectos psicológicos _914119 |
|
| 700 | 1 |
_aRomo Morales, Gerardo _958554 _ecoordinación |
|
| 902 |
_aMarisolLicea/24102025 _bVíctor Ruiz/070126 |
||
| 942 |
_2lcc _cLIBRO _n0 |
||
| 999 |
_c214399 _d214399 |
||